01110nam a2200241Ia 4500003000400000005001700004008004100021040000700062041001200069082001800081100007600099245019700175260001800372300001700390365001200407650003100419650003700450700003500487906011800522942001200640999001900652952019700671OSt20250117135100.0210719s2019 xx 000 0 und d cal aKannada aK894.109 SHAM aSHARMA (Shriram) ಶರ್ಮಾ (ಶ್ರೀರಾಮ್)9193913 aMirja galib: Kattala Santeyali Kanasu Marikonda Santa bಮಿರ್ಜಾ ಗಾಲಿಬ್ : ಕತ್ತಲ ಸಂತೆಯಲ್ಲಿ ಕನಸು ಮಾರಿಕೊಂಡ ಸಂತ  aBallaric2019 axxvi,252bHB b250cRs aKannada literature9193914 aKannada Poetry Criticism9193915 aImam saheb Hadagali Tr9193916 aby ; galib: ; Hadagali ; Imam ; Imamsaheb ; kanasu ; kattala ; marikonda ; Mirja ; saheb ; santa ; santeyali ; Tr 2ddccBK c211790d211790 001040708KannadaaALbALd2021-02-10eGeneral Annual | Navakarnataka Publication Pvt Ltd Mangaloreg250.00l1oK894.109 SHAMp074604r2022-12-03 00:00:00s2022-11-19v200.00w2021-07-19yBK